[Event "Natal Potiguar op 11th"]
[Site "Natal"]
[Date "2019.06.07"]
[Round "2"]
[White "Sallaberry, Ana Paula Nogueira"]
[Black "Branco, Isabele Soares"]
[Result "1-0"]
[WhiteElo "1609"]
[BlackElo "1101"]
[PlyCount "53"]
[EventDate "2019.06.07"]
[EventType "swiss"]
[EventRounds "6"]
[EventCountry "BRA"]
[SourceTitle "EXT 2020"]
[Source "ChessBase"]
[SourceDate "2019.10.17"]
[SourceVersion "1"]
[SourceVersionDate "2019.10.17"]
[SourceQuality "1"]

1. c4 e5 2. Nc3 Nc6 3. Nf3 Bc5 4. g3 Nf6 5. Bg2 d5 6. cxd5 Nxd5 7. Nxe5 Nxc3 8. Bxc6+ bxc6 9. bxc3 Bd7 10. 0-0 0-0 11. Nxd7 Qxd7 12. d4 Bb6 13. a4 Ba5 14. Qc2 h6 15. Ba3 Rfe8 16. e4 a6 17. Rfe1 Bb6 18. Rab1 g6 19. Bb4 Kh7 20. Re2 f5 21. exf5 Rxe2 22. fxg6+ Kg7 23. Qxe2 Qf5 24. Qe7+ Kxg6 25. Re1 a5 26. Re6+ Kh5 27. Qh4# 1-0

[Event "BRA-ch U26 (Women)"]
[Site "Brasilia"]
[Date "2019.04.25"]
[Round "4"]
[White "Campagnolo, Fabiola"]
[Black "Sallaberry, Ana Paula Nogueira"]
[Result "1-0"]
[WhiteElo "1809"]
[BlackElo "1800"]
[PlyCount "89"]
[EventDate "2019.04.23"]
[EventType "swiss"]
[EventRounds "7"]
[EventCountry "BRA"]
[SourceTitle "CBM 190 Extra"]
[Source "ChessBase"]
[SourceDate "2019.07.15"]
[SourceVersion "1"]
[SourceVersionDate "2019.07.15"]
[SourceQuality "1"]

1. e4 c6 2. d4 d5 3. Nc3 dxe4 4. Nxe4 Bf5 5. Ng3 Bg6 6. h4 h6 7. Nf3 Nd7 8. h5 Bh7 9. Bd3 Bxd3 10. Qxd3 Ngf6 11. Ne4 Nxe4 12. Qxe4 Nf6 13. Qe2 e6 14. Bd2 Bd6 15. g3 Qc7 16. 0-0-0 0-0-0 17. Kb1 Rhe8 18. c4 Qb8 19. Rc1 a6 20. b4 Qa7 21. Ka1 Kb8 22. Ne5 Re7 23. Be3 Nd7 24. Qb2 Qa8 25. f4 f6 26. c5 Bc7 27. Ng6 Ree8 28. Qb3 e5 29. fxe5 fxe5 30. Rcd1 exd4 31. Bxd4 Nf6 32. Bxf6 gxf6 33. Rhf1 Rxd1+ 34. Qxd1 Bxg3 35. Qd7 Ka7 36. Ne7 Be5+ 37. Kb1 a5 38. Nxc6+ Ka6 39. b5+ Kxb5 40. Nxe5+ Kxc5 41. Qc7+ Kb5 42. Qc4+ Kb6 43. Rxf6+ Ka7 44. Qc5+ Kb8 45. Nd7# 1-0

[Event "BRA-ch U26 (Women)"]
[Site "Goiania"]
[Date "2017.10.20"]
[Round "3"]
[White "Puglisi, Giovanna Silva Cava"]
[Black "Sallaberry, Ana Paula Nogueira"]
[Result "0-1"]
[WhiteElo "1773"]
[BlackElo "1556"]
[PlyCount "65"]
[EventDate "2017.10.19"]
[EventType "swiss"]
[EventRounds "7"]
[EventCountry "BRA"]
[SourceTitle "CBM 181 Extra"]
[Source "ChessBase"]
[SourceDate "2017.12.12"]
[SourceVersion "1"]
[SourceVersionDate "2017.12.12"]
[SourceQuality "1"]

1. e4 c5 2. Nc3 Nc6 3. g3 Nf6 4. Bg2 d6 5. d3 g6 6. Be3 Bg7 7. Qd2 Ng4 8. Bf4 e5 9. Bg5 f6 10. Be3 0-0 11. Nge2 Nxe3 12. Qxe3 Nd4 13. 0-0-0 b5 14. Kb1 a5 15. f4 a4 16. Qf2 b4 17. Nd5 Bg4 18. Bf1 b3 19. c3 bxa2+ 20. Kxa2 Nc6 21. h3 Bxe2 22. Bxe2 Qa5 23. Ka3 Rab8 24. Bf3 Rb3+ 25. Ka2 Rfb8 26. Rd2 a3 27. Kb1 Rxb2+ 28. Ka1 Qb5 29. Rxb2 axb2+ 30. Kb1 Qa4 31. Qxb2 Rxb2+ 32. Kxb2 c4 33. Rd1 0-1

[Event "Recife Arraes Memorial 10th"]
[Site "Recife"]
[Date "2017.10.08"]
[Round "6"]
[White "Melo, Igor De Souza"]
[Black "Sallaberry, Ana Paula Nogueira"]
[Result "1-0"]
[WhiteElo "1831"]
[BlackElo "1556"]
[PlyCount "52"]
[EventDate "2017.10.06"]
[EventType "swiss"]
[EventRounds "6"]
[EventCountry "BRA"]
[SourceTitle "CBM 181 Extra"]
[Source "ChessBase"]
[SourceDate "2017.12.12"]
[SourceVersion "1"]
[SourceVersionDate "2017.12.12"]
[SourceQuality "1"]

1. e4 c5 2. b3 Nc6 3. Bb2 d6 4. Bb5 Nf6 5. Nc3 g6 6. Nd5 Bg7 7. Nxf6+ exf6 8. f4 Bd7 9. Qe2 0-0 10. 0-0-0 Qa5 11. Bxc6 Bxc6 12. Kb1 Rfe8 13. d3 d5 14. e5 fxe5 15. fxe5 d4 16. Nf3 Qc7 17. Rhe1 Bxf3 18. Qxf3 Bxe5 19. h4 Bg3 20. Re4 Rxe4 21. Qxe4 Qe7 22. Qf3 Be5 23. h5 Re8 24. hxg6 fxg6 25. Bc1 Rf8 26. Qe4 Bg7 1-0

[Event "Joao Pessoa Fischer Memorial 8th"]
[Site "Joao Pessoa"]
[Date "2017.03.19"]
[Round "6"]
[White "Sallaberry, Ana Paula Nogueira"]
[Black "Da Silva Filho, Joaquim Virgolino"]
[Result "1-0"]
[WhiteElo "1540"]
[BlackElo "1556"]
[PlyCount "59"]
[EventDate "2017.03.17"]
[EventType "swiss"]
[EventRounds "6"]
[EventCountry "BRA"]
[SourceTitle "CBM 177 Extra"]
[Source "ChessBase"]
[SourceDate "2017.04.27"]
[SourceVersion "1"]
[SourceVersionDate "2017.04.27"]
[SourceQuality "1"]

1. c4 c5 2. Nc3 Nc6 3. g3 Nf6 4. Bg2 e6 5. Nf3 Be7 6. 0-0 0-0 7. a3 b6 8. d4 Bb7 9. d5 exd5 10. cxd5 Nd4 11. Nxd4 cxd4 12. Qxd4 d6 13. Bd2 Qd7 14. Rac1 Rac8 15. Na2 Rfe8 16. e4 Ba6 17. Rfe1 Bb7 18. Rc3 Qb5 19. Qb4 Qxb4 20. Nxb4 Rxc3 21. Bxc3 Nd7 22. Bf1 Ne5 23. Bxe5 dxe5 24. Rc1 Bc5 25. Bb5 Rc8 26. Nc6 a6 27. Rxc5 axb5 28. Ne7+ Kf8 29. Rxc8+ Kxe7 30. Rc7+ 1-0

[Event "Potiguar-ch (Women)"]
[Site "Natal"]
[Date "2017.01.22"]
[Round "8"]
[White "Arboes, Ana Gertrudes Danta"]
[Black "Sallaberry, Ana Paula Nogueira"]
[Result "1-0"]
[WhiteElo "1374"]
[BlackElo "1542"]
[PlyCount "49"]
[EventDate "2017.01.13"]
[EventType "tourn"]
[EventRounds "9"]
[EventCountry "BRA"]
[SourceTitle "CBM 176 Extra"]
[Source "ChessBase"]
[SourceDate "2017.03.02"]
[SourceVersion "1"]
[SourceVersionDate "2017.03.02"]
[SourceQuality "1"]

1. e4 c5 2. Nf3 Nc6 3. d4 cxd4 4. Nxd4 g6 5. Be3 Bg7 6. Nc3 Nf6 7. Qd2 h6 8. h3 d6 9. Bb5 Bd7 10. Bxc6 bxc6 11. 0-0-0 a5 12. a3 h5 13. f4 Bh6 14. Rhf1 0-0 15. Nde2 c5 16. f5 Bxe3 17. Qxe3 Qb6 18. Qh6 Rfb8 19. b3 Nxe4 20. fxg6 fxg6 21. Qxg6+ Kh8 22. Qxh5+ Kg8 23. Rf7 Bf5 24. Qxf5 Nf6 25. Qg6+ 1-0

[Event "Potiguar-ch (Women)"]
[Site "Natal"]
[Date "2017.01.22"]
[Round "9.5"]
[White "Sallaberry, Ana Paula Nogueira"]
[Black "Goncalves, Alice da Silva"]
[Result "1-0"]
[WhiteElo "1542"]
[BlackElo "1731"]
[PlyCount "79"]
[EventDate "2017.01.13"]
[EventType "tourn"]
[EventRounds "9"]
[EventCountry "BRA"]
[SourceTitle "EXT 2022"]
[Source "ChessBase"]
[SourceDate "2021.10.06"]
[SourceVersion "1"]
[SourceVersionDate "2021.10.06"]
[SourceQuality "1"]

1. c4 e5 2. Nc3 Nf6 3. g3 c6 4. Bg2 d5 5. cxd5 Nxd5 6. d3 Bb4 7. Bd2 0-0 8. a3 Nxc3 9. bxc3 Bc5 10. Nf3 Re8 11. 0-0 Qe7 12. Bc1 e4 13. dxe4 Qxe4 14. Nd4 Qe5 15. e3 Bxd4 16. cxd4 Qd6 17. a4 Nd7 18. d5 cxd5 19. Bxd5 Kh8 20. Bxf7 Qxd1 21. Rxd1 Rf8 22. Be6 Nc5 23. Bxc8 Raxc8 24. Ba3 Rfe8 25. Bxc5 Rxc5 26. Rd7 Rb8 27. Rb1 Ra5 28. Rbxb7 Ra8 29. Rxg7 h6 30. Rg4 Rc5 31. Rgb4 Rcc8 32. Kg2 Kg8 33. f4 a6 34. e4 Rc2+ 35. Kh3 Ra2 36. e5 a5 37. Rc4 Kf8 38. e6 Rd2 39. Rcc7 Ke8 40. Rh7 1-0

[Event "Potiguar-ch (Women)"]
[Site "Natal"]
[Date "2017.01.13"]
[Round "2"]
[White "Sallaberry, Ana Paula Nogueira"]
[Black "Costa, Maria Gabriela Alve"]
[Result "1/2-1/2"]
[WhiteElo "1542"]
[BlackElo "1800"]
[PlyCount "86"]
[EventDate "2017.01.13"]
[EventType "tourn"]
[EventRounds "9"]
[EventCountry "BRA"]
[SourceTitle "CBM 176 Extra"]
[Source "ChessBase"]
[SourceDate "2017.03.02"]
[SourceVersion "1"]
[SourceVersionDate "2017.03.02"]
[SourceQuality "1"]

1. c4 Nc6 2. Nc3 d6 3. Nf3 e5 4. d3 Bf5 5. g3 h6 6. Bg2 Nf6 7. 0-0 Be7 8. a3 a6 9. b4 0-0 10. Nh4 Bg6 11. Nxg6 fxg6 12. b5 axb5 13. cxb5 Na5 14. Nd5 Rb8 15. Nxe7+ Qxe7 16. Bd2 b6 17. Rc1 Qd7 18. a4 g5 19. Qc2 Rbc8 20. Qa2+ Kh8 21. Rc2 Qg4 22. f3 Qf5 23. e4 Qd7 24. g4 c6 25. Bxa5 bxa5 26. Rfc1 cxb5 27. Rxc8 Rxc8 28. Rxc8+ Qxc8 29. axb5 Qc5+ 30. d4 Qxb5 31. Bf1 Qb6 32. Qf2 exd4 33. Kg2 a4 34. Qa2 Qb4 35. Qe6 a3 36. Bc4 Qb2+ 37. Kg3 Qd2 38. Qc8+ Kh7 39. Qf5+ Kh8 40. Qc8+ Kh7 41. Qf5+ Kh8 42. Qc8+ Kh7 43. Qf5+ Kh8 1/2-1/2

[Event "BRA-ch U26 (Women)"]
[Site "Cuiaba"]
[Date "2016.11.06"]
[Round "7"]
[White "Sallaberry, Ana Paula Nogueira"]
[Black "De Melo Braga, Pamella Vittoria"]
[Result "1/2-1/2"]
[WhiteElo "1508"]
[BlackElo "1570"]
[PlyCount "75"]
[EventDate "2016.11.03"]
[EventType "swiss"]
[EventRounds "7"]
[EventCountry "BRA"]
[SourceTitle "CBM 175 Extra"]
[Source "ChessBase"]
[SourceDate "2016.12.12"]
[SourceVersion "1"]
[SourceVersionDate "2016.12.12"]
[SourceQuality "1"]

1. c4 e6 2. Nc3 Nf6 3. e4 d5 4. cxd5 exd5 5. e5 Ne4 6. a3 Bf5 7. d4 c6 8. Nf3 Nd7 9. g3 Bg4 10. h3 Bh5 11. Bg2 Be7 12. 0-0 0-0 13. Re1 Ng5 14. g4 Bg6 15. Qe2 Re8 16. Nh2 Qb6 17. Be3 c5 18. Nxd5 Qe6 19. f4 Nxh3+ 20. Bxh3 Qxd5 21. f5 cxd4 22. Red1 Bxf5 23. gxf5 Qxe5 24. Rxd4 Bg5 25. Rxd7 Qg3+ 26. Qg2 Bxe3+ 27. Kh1 Qxg2+ 28. Kxg2 b6 29. Kf3 Bg5 30. Ng4 Re7 31. Rxe7 Bxe7 32. Re1 Kf8 33. Rd1 h5 34. Ne5 Rd8 35. Rxd8+ Bxd8 36. Nc6 Bf6 37. Nxa7 Bxb2 38. a4 1/2-1/2